| 000 | 00746nam a22002297a 4500 | ||
|---|---|---|---|
| 999 |
_c157816 _d157816 |
||
| 005 | 20181003123428.0 | ||
| 006 | a|||||f|||| 00| 0 | ||
| 007 | tc | ||
| 008 | 180720b xxu||||| |||| 00| 0 eng d | ||
| 010 | _aBR-002572-BR-002573 | ||
| 020 | _c300.00(per set) | ||
| 035 | _a BR-002568 | ||
| 037 | _bA.I.C.B. | ||
| 082 | _a510 | ||
| 100 | _aBose, Sunita | ||
| 245 |
_aJoy of Mathematics _cby Sunita Bose |
||
| 260 |
_aDelhi _bA.C.I.B. _cN.D. |
||
| 270 |
_aSector-5, Rohini, _bNew Delhi _e110085 |
||
| 300 |
_a2V.,various pages. _c30cm(HB). |
||
| 942 |
_2ddc _cBRLEN _h510 _mBOS |
||